La dacin̤ en pago en Derecho Espaǫl y Derecho comparado

Bibliographic Details
Main Author: Belinchn̤ Romo, Mara̕ Raquel
Format: Unknown
Language:Spanish
Published: Madrid : Dykinson, 2012
Subjects:
Online Access:http://www.vlex.com/source/6967

MARC

LEADER 00000 a2200000 4500
005 20130219190112.0
007 cr|||| ||||
008 130219e2012 sp |||||s|||| 00||0 spa d
020 |a 978-84-1545445-8 
035 |a 6967 
040 |a vLex 
090 |c 3693  |d 3693 
100 1 0 |a Belinchn̤ Romo, Mara̕ Raquel 
245 1 3 |a La dacin̤ en pago en Derecho Espaǫl y Derecho comparado  |h [Recurso electrn̤ico] 
256 |a Servicio en ln̕ea 
260 |a Madrid :  |b Dykinson,   |c 2012 
300 |a 1 Recurso electrn̤ico 
650 0 4 |a Derecho hipotecario  |z Espaą 
650 0 4 |a Dacin̤ en pago 
740 |a vLex Libros (Servicio en ln̕ea)  
856 |a Acceso restringido  |u http://www.vlex.com/source/6967 
942 |c BOOK 
999 0 |a Mortgages